Welcome to CU Library Online Public Access Catalogue (OPAC)

Basic & Clinical Pharmacology/ (Record no. 4450)

MARC details
000 -LEADER
fixed length control field 00509nam a22001577a 4500
005 - DATE AND TIME OF LATEST TRANSACTION
control field 20250303080435.0
008 - FIXED-LENGTH DATA ELEMENTS--GENERAL INFORMATION
fixed length control field 250303b |||||||| |||| 00| 0 eng d
020 ## - INTERNATIONAL STANDARD BOOK NUMBER
International Standard Book Number 9780071260930
050 ## - LIBRARY OF CONGRESS CALL NUMBER
Classification number RM301.28 BAS
245 ## - TITLE STATEMENT
Title Basic & Clinical Pharmacology/
Remainder of title a LANGE medical book
Statement of responsibility, etc. edited by Bertram G. Katzung
250 ## - EDITION STATEMENT
Edition statement 10th ed.
Remainder of edition statement international edition
260 ## - PUBLICATION, DISTRIBUTION, ETC.
Place of publication, distribution, etc. Boston
Name of publisher, distributor, etc. McGraw Hill
Date of publication, distribution, etc. 2007
300 ## - PHYSICAL DESCRIPTION
Extent xiv. 1179p.
Other physical details ill. some color
Dimensions 23.5cm
700 ## - ADDED ENTRY--PERSONAL NAME
Personal name Katzung, Bertram G.
942 ## - ADDED ENTRY ELEMENTS (KOHA)
Source of classification or shelving scheme Library of Congress Classification
Koha item type Books
Edition 10th ed.
Suppress in OPAC No
999 ## -
-- 4450
-- 4450
Holdings
Withdrawn status Lost status Source of classification or shelving scheme Damaged status Not for loan Collection Home library Current library Shelving location Date acquired Total checkouts Full call number Barcode Date last seen Copy number Price effective from Koha item type
    Library of Congress Classification     Non-fiction Science Library (Miotso) Science Library (Miotso) General stacks 03/03/2025   RM301.28 BAS SLM00004174 03/03/2025 1 03/03/2025 Books
    Library of Congress Classification     Non-fiction Science Library (Miotso) Science Library (Miotso) General stacks 03/03/2025   RM301.28 BAS SLM00004175 03/03/2025 2 03/03/2025 Books
    Library of Congress Classification     Non-fiction Science Library (Miotso) Science Library (Miotso) General stacks 03/03/2025   RM301.28 BAS SLM00004176 03/03/2025 3 03/03/2025 Books
    Library of Congress Classification     Non-fiction Science Library (Miotso) Science Library (Miotso) General stacks 03/03/2025   RM301.28 BAS SLM00004177 03/03/2025 4 03/03/2025 Books
    Library of Congress Classification     Non-fiction Science Library (Miotso) Science Library (Miotso) General stacks 03/03/2025   RM301.28 BAS SLM00004178 03/03/2025 5 03/03/2025 Books
© 2023-2024 Copyright: Central University Libraries. All Rights Reserved | Created by: Mahone Tech Office